| 000 | 00533nam a22002171a 4500 | ||
|---|---|---|---|
| 001 | 2737 | ||
| 003 | OSt | ||
| 005 | 20260204211824.0 | ||
| 008 | 040324s2000||||dr ||||||b||||||||||spa|| | ||
| 050 | _aRD 510 B145m | ||
| 082 | _aRD 510 B145m | ||
| 100 | _aBáez de Erazo, Melba | ||
| 245 | _aMatemática III / Melba Báez de Erazo | ||
| 250 | _a3 | ||
| 264 | _aSanto Domingo : De Colores | ||
| 300 | _a566 p. | ||
| 500 | _aIncluye indice. | ||
| 650 | _a1.Matemática | ||
| 700 | _aTaveras de Frías, RayitaÌ | ||
| 942 |
_2ddc _cBK |
||
| 999 |
_c2737 _d2737 |
||